| 000 | 01131cam a2200289 i 4500 | ||
|---|---|---|---|
| 001 | 64418 | ||
| 003 | Mx-PuUPA | ||
| 005 | 20220408112815.0 | ||
| 008 | 160310s1959 sp ab gre 000 0 spa d | ||
| 040 |
_aMx-PuUPA _bspa _erda _cMx-PuUPA _dMx-PuUPA |
||
| 041 | 0 | _aspa | |
| 100 | 1 |
_aAguado Bleye, Pedro, _d1884-1953 _eautor _912445 |
|
| 245 | 1 | 0 |
_aManual de historia de España. _nTomo III. _pCasa de Borbón(1700-1808), España Contemporánea (1808-1955) / _cpor Pedro Aguado Bleye y Cayetano Alcázar Molina |
| 246 | 1 | 0 | _aCasa de Borbón(1700-1808), España Contemporánea (1808-1955) |
| 250 |
_aOctava edición / _brefundida |
||
| 264 | 1 |
_aMadrid : _bEspasa-Calpe, _c1959 |
|
| 300 |
_a1057 páginas, 3 hojas sin numerar, 3 hojas plegadas sin numerar : _bilustraciones, mapas ; _c25 cm |
||
| 336 |
_atexto _btxt _2rdacontent |
||
| 336 |
_aimagen fija _bsti _2rdacontent |
||
| 337 |
_asin medio _bn _2rdamedia |
||
| 338 |
_avolumen _bnc _2rdacarrier |
||
| 651 | 4 |
_aEspaña _xHistoria |
|
| 700 | 1 |
_aAlcázar Molina, Cayetano, _eautor |
|
| 942 |
_cLI _2ddc _h946 _iA282 |
||
| 999 |
_c64418 _d64418 |
||